000 00626nam a22001817a 4500
003 UA-OsUOA
001 10840
007 ta
008 20050212b un ||||| |||| 00| 0 ukr d
100 _aБереза С.
942 _cSA
040 _aUA-OsUOA
_cUA-OsUOA
_dUA-OsUOA
245 _aКазка про бридке каченя, реалізована в долі "Азоту"
_b[Про розвиток вир-ва на приватиз. "Рівнеазоті"]
300 _aС.4
955 _a0
773 0 _w0
_tВільне слово
_dРівне
_d2005
_g№12/9 лют./
650 7 _aРівнеазот
_2UDC
999 _c297001
_d297001